Дело о возобновлении контракта с купцом Зотовым на ламповое освещение театров Москвы: Большого, Малого, в Петровском парке

RUSMARC
00005468cbc2a2200000#x 450
0018ac122ea-182f-4a54-9d0c-72f2e699ebfb
00520191218151009.0
100##$a20170623l18451845k l0rusy0189 ca
1010#$arus
102##$aRU
2001#$aДело о возобновлении контракта с купцом Зотовым на ламповое освещение театров Москвы: Большого, Малого, в Петровском парке
$j4 мая - 12 июня 1845 г.
251##$cДело
300##$aПо Московской дирекции за 1845 год
300##$aРукописный текст. Чернила
801#0$aRU
$bРГИА
$c20170623
801#1$aRU
$bГлавНИВЦ
$c20170623
$2rusmarc
801#2$aRU
$bПБ им. Б.Н. Ельцина
$c20181224
$gRCR
$2rusmarc
850##$aФедеральное казенное учреждение "Российский государственный исторический архив" (РГИА)
852##$aРГИА
$j10607
937##$hРГИА
$d12245684
$aASBIBLIO_SCAN
462#0$1001dd3991dc-24e1-42ec-8838-ca4255420416
$12001
$a1746-1850 гг.
$vД. 10607
$1251
$cОпись
$1852
$j1
461#0$10019264ebf8-de62-4f1a-9eb4-9f22098dbbd5
$12001
$aДирекция императорских театров МИДв
$1251
$cФонд
$1852
$j497
215##$a37 листов
$d36,5х26 см
371##$aДокумент не является опубликованным и широко распространяемым
105##$ay###
1222#$ad18450504##
$ad18450612##
035##$a8ac122ea-182f-4a54-9d0c-72f2e699ebfb
856##$uhttp://readingroom.main.prlib.ru/item.aspx?id_node=n122256454&mode=full
60102$2prlib_sh
$3LIBNET\UAF\0000086680
$aГосударственный академический Большой театр России
$xИстория
$jДокументы и материалы
60102$2prlib_sh
$3LIBNET\UAF\0000083586
$aГосударственный академический Малый театр
$cМосква, город
$xИстория
$jДокументы и материалы
6061#$aТеатры
$xОсвещение
$jДокументы и материалы
$2nlr_sh1
$3RU\NLR\AUTH\66822028
686##$2rubbk
$a85.335.41
$vLBC/M
686##$a85.335.42
$vLBC/M
$2rubbk
605##$2acquisition_Prlib
$3LIBNET\UAF\0000080478
$aГод театра в России
$lколлекция
605##$2acquisition_Prlib
$3DITM\AF\0000004166
$aРоссия в лицах
$lколлекция
Формат отображения